Normal view
MARC view
- Governors' spouses
Entry Topical Term
001 - CONTROL NUMBER
- control field: 11077
003 - CONTROL NUMBER IDENTIFIER
- control field: NUST
005 - DATE AND TIME OF LATEST TRANSACTION
- control field: 20180607043425.0
008 - FIXED-LENGTH DATA ELEMENTS
- fixed length control field: 180607|| aca||aabn | a|a d
040 ## - CATALOGING SOURCE
- Original cataloging agency: NUST
- Transcribing agency: NUST
150 ## - HEADING--TOPICAL TERM
- Topical term or geographic name entry element: Governors' spouses
- Geographic subdivision: Pakistan
- Geographic subdivision: Punjab
- General subdivision: Biography.
670 ## - SOURCE DATA FOUND
- Source citation: Work cat.: (NUST)174602: Durrani, Tehmina. 11075, My feudal lord /, 1991.
